| 000 | 00437nam a22001697a 4500 | ||
|---|---|---|---|
| 003 | UA-OsUOA | ||
| 001 | 4620 | ||
| 007 | ta | ||
| 008 | 20050721b un ||||| |||| 00| 0 ukr d | ||
| 100 | _aРиженко | ||
| 700 | _aН. А. | ||
| 942 | _cBK | ||
| 040 |
_aUA-OsUOA _cUA-OsUOA _dUA-OsUOA |
||
| 245 |
_aНавчання техніки рац. читання з викоростанням комп _bBA Paper |
||
| 955 | _a2 | ||
| 650 | 7 | _2UDC | |
| 999 |
_c290782 _d290782 |
||